000 01042nam a22002537a 4500
003 OSt
005 20250911153134.0
008 240214b ||||| |||| 00| 0 eng d
040 _c0
082 _aDPer 621.317 Ie21 May 2022 v. 37 n. 5
100 _aMao, Xingkui.
_eauthor.
_952328
245 _aA simple and reconfigurable wireless power transfer system with constant voltage and constant current charging /
_cXingkui Mao, Jiayong Chen, Yiming Zhang, and Jiqing Dong.
260 _aNew York ;
_bThe Institute of Electrical and Electronics Engineers, Inc. ,
_cMay 2022.
300 _aVolume 37, pages 4921-4925 :
_billustration ;
_c28 cm.
500 _aIEEE Transactions on Power Electronics, vol. 37 no. 5, pages 4921-4925, May 2022.
650 0 _aPrototypes.
_965923
650 0 _aTopology.
_965877
650 0 _aSwitches.
_965864
700 _aMao, Xingkui.
_eauthor.
_952328
700 _aChen, Jiayong.
_eauthor.
_952329
700 _aZhang, Yiming.
_eauthor.
_952330
700 _aDong, Jiqing.
_eauthor.
_952331
942 _2ddc
_cPER
999 _c19139
_d19139